Revista Iuris

Detalles Bibliográficos
Formato: eBook
Lenguaje:español
Publicado: Cuenca (Ecuador): Universidad de Cuenca, 2013 -
Materias:
Acceso en línea:Acceso restringido

MARC

LEADER 00000nam a22000007a 4500
005 20171121183536.0
007 cr|||| ||||
008 171121s201x9999ec |||||s|||| 0|||b1spa d
022 |a 1390-0846 
035 |a 20836 
040 |a vLex 
090 |c 7213  |d 7213 
245 0 0 |a Revista Iuris  |h [Recurso electrn̤ico] 
256 |a Servicio en ln̕ea 
260 |a Cuenca (Ecuador):  |b Universidad de Cuenca,  |c 2013 - 
300 |a 1 recurso electrn̤ico 
310 |a Anual 
506 1 |a Disponible solo en los productos indicados  |d vLex Global  |d vLex Global (Academic Edition, excluding Law Schools)  |d vLex Global (U.S. Academic Edition, Law Schools)  |d vLex Global (U.S. Academic Edition, excluding Law Schools)  |d vLex Global (Academic Edition, Law Schools) 
650 0 4 |a Ciencia polt̕ica  |z Ecuador 
740 0 |a vLex Revistas (Servicio en ln̕ea) 
856 4 0 |u http://vlex.com/source/revista-iuris-20836  |z Acceso restringido 
942 |c REV 
999 0 |a Political science